000 00473nam a2200193Ia 4500
005 20250326142119.0
008 250326s9999 xx 000 0 und d
037 _aTextbook
040 _aFMSL
_beng
_cFMSL
041 _aeng
_2eng
084 _qFMSL
100 _aLuthans Fred
245 0 _aOrganizational behaviour
_cLuthans Fred
250 _a4th
260 _aMc
_bMc, Graw Hill Book co.
_c1985
300 _a708p
942 _cTB
999 _c1293498
_d1293498